| 000 | 00406nam a2200133 i 4500 | ||
|---|---|---|---|
| 001 | bg | ||
| 100 | 1 | _aGUBKIN, A. N. | |
| 245 | 0 |
_aFizika dielektrikov : _bteorija dielektriceskoj poljarizacii v postajannom i peremennom elektriceskom pole. _nT. 1 / _cA. N. Gubkin. |
|
| 260 |
_aMoskva : _b"Vyssaja Skola", _c1971. |
||
| 040 | _cBPK | ||
| 041 | _apol | ||
| 942 | _cKS | ||
| 008 | s pl f |000 0 pol | ||
| 999 |
_c9115 _d9115 |
||
| 856 |
_uhttp://koha.tu.koszalin.pl/cgi-bin/koha/opac-detail.pl?biblionumber=9115 _yKatalog online BPK |
||